| 000 | 00359nam a22001457a 4500 | ||
|---|---|---|---|
| 008 | 250415b |||||||| |||| 00| 0 eng d | ||
| 020 | _a978-81-317-0704-3 | ||
| 100 | _aJ. A. F. Stoner & R. E. Freeman | ||
| 245 | _aManagement (6th Ed.) | ||
| 250 | _a6th Ed. | ||
| 260 |
_aIndia _bPearson _c2008 |
||
| 300 | _a565 | ||
| 650 | _aManagement | ||
| 942 |
_2ddc _cBK |
||
| 999 |
_c21309 _d21309 |
||